Roads of Thanh Xuan District - Ha Noi - Statistics

General Stats
  • This quiz has been taken 2 times
  • The average score is 21 of 51
Answer Stats
Answer % Correct
Bùi Xương Trạch
100%
Chính Kinh
50%
Cự Lộc
50%
Cù Chính Lan
50%
Giáp Nhất
50%
Giải Phóng
50%
Hà Kế Tấn
50%
Hạ Đình
50%
Hoàng Đạo Thành
50%
Hoàng Đạo Thúy
50%
Hoàng Ngân
50%
Hoàng Văn Thái
50%
Khương Đình
50%
Khương Hạ
50%
Khuất Duy Tiến
50%
Kim Giang
50%
Lê Trọng Tấn
50%
Lê Văn Lương
50%
Lương Thế Vinh
50%
Ngụy Như Kon Tum
50%
Nguyễn Huy Tưởng
50%
Nguyễn Lân
50%
Nguyễn Ngọc Nại
50%
Nguyễn Quý Đức
50%
Nguyễn Thị Định
50%
Nguyễn Trãi
50%
Nguyễn Tuân
50%
Nguyễn Viết Xuân
50%
Nguyễn Xiển
50%
Nguyễn Xuân Linh
50%
Nhân Hòa
50%
Phan Đình Giót
50%
Phương Liệt
50%
Quan Nhân
50%
Thượng Đình
50%
Tô Vĩnh Diện
50%
Trường Chinh
50%
Vương Thừa Vũ
50%
Vũ Tông Phan
50%
Vũ Trọng Phụng
50%
Định Công
0%
Hoàng Minh Giám
0%
Lê Văn Thiêm
0%
Nguyễn Thị Thập
0%
Nguyễn Văn Trỗi
0%
Tố Hữu
0%
Trịnh Đình Cửu
0%
Triều Khúc
0%
Trần Điền
0%
Vọng
0%
Vũ Hữu
0%
No matching quizzes found
Score Distribution
Percent of People with Each Score
Percentile by Number Answered
Your Score History
You have not taken this quiz